Prehlbovanie vzájomnej zahraničnoobchodnej spolupráce Slovenska s Ukrajinou v období globálnych geopolitických zmien

Analýza vývoja zahraničnoobchodných vzťahov medzi Slovenskom a Ukrajinou a na základe podrobnej analýzy vzájomného obchodu a investičnej činnosti stanovenie možnosti prehlbovania ich vzájomnej spolupráce v skúmanej oblasti.

Gespeichert in:
Bibliographische Detailangaben
1. Verfasser: Kašťáková, Elena, 1974-
Weitere Verfasser: Bebiaková, Dáša
Format: Buchkapitel
Sprache:Slowakisch
Schlagworte:
Tags: Tag hinzufügen
Keine Tags, Fügen Sie das erste Tag hinzu!

MARC

LEADER 00000naa a2200000 4500
001 0205736
005 20240502073426.4
041 0 |a slo 
044 |a SK 
245 1 0 |a Prehlbovanie vzájomnej zahraničnoobchodnej spolupráce Slovenska s Ukrajinou v období globálnych geopolitických zmien  |c Elena Kašťáková, Dáša Bebiaková 
520 |a Analýza vývoja zahraničnoobchodných vzťahov medzi Slovenskom a Ukrajinou a na základe podrobnej analýzy vzájomného obchodu a investičnej činnosti stanovenie možnosti prehlbovania ich vzájomnej spolupráce v skúmanej oblasti. 
610 2 0 |a Slovensko 
610 2 0 |a Ukrajina 
610 2 0 |a geopolitika 
610 2 0 |a obchod zahraničný 
100 1 |a Kašťáková, Elena, 1974- 
700 1 |a Bebiaková, Dáša